Datum a čas kvízu
21.5
Celkem bodů
Celkový počet nahraných bodů na tomto kvízu bez doplňovacích otázek.
2.
Pořadí na kvízu
Konečné umístění týmu na tomto kvízu.
Zaznamenané odpovědi
| # | Otázka | Odpověď | Body | Výsledky |
|---|---|---|---|---|
| 1. | Agentury STEM/MARK a Median mi... | 0 | ||
| 2. | "Filosof a revolucionář Karl M... | 1 | ||
| 3. | V Brně se minulý týden konal p... | 0 | ||
| 4. | Desítky nových "hackerů" ročně... | 1 | ||
| 5. | Hokejová extraliga zavádí po v... | 1 | ||
| 6. | Košile patří k základním typům... | 0 | ||
| 7. | Dámská obdoba košile se nejčas... | 1 | ||
| 8. | Jak se jmenuje tento politik,... | 0 | ||
| 9. | Ze kterého česko-německého tel... | 0 | ||
| 10. | Polotriko, zkráceně polo, je j... | 0 |